Faculty of Law Library — Cairo University

Official Online Catalog

Modern History And Condition Of Egypt: (Record no. 74705)

MARC details
000 -LEADER
fixed length control field 01242nam a2200313 i 4500
003 - CONTROL NUMBER IDENTIFIER
control field EG-GICUC
005 - DATE AND TIME OF LATEST TRANSACTION
control field 20260502081848.0
008 - FIXED-LENGTH DATA ELEMENTS--GENERAL INFORMATION
fixed length control field 260502s1843 enka|||fr|||| 001 0 eng d
040 ## - CATALOGING SOURCE
Original cataloging agency EG-GiCUC
Language of cataloging eng
Transcribing agency EG-GiCUC
Modifying agency EG-GiCUC
Description conventions rda
041 0# - LANGUAGE CODE
Language code of text/sound track or separate title eng
082 04 - DEWEY DECIMAL CLASSIFICATION NUMBER
Edition number 21
Classification number 342
Item number HO . M
092 04 - LOCALLY ASSIGNED DEWEY CALL NUMBER (OCLC)
Edition number 21
099 ## - LOCAL FREE-TEXT CALL NUMBER (OCLC)
Classification number Law1 08 342 HO . M 2 ed - 1843
100 1# - MAIN ENTRY--PERSONAL NAME
Personal name Holt Yates, William
Relator term Author.
245 10 - TITLE STATEMENT
Title Modern History And Condition Of Egypt:
Remainder of title Its Climate, Diseases, And Capabilities; Exhibited In A Personal Narrative Of Travels In That Country: With An Account Of The Proceedings Of Mohammed Ali Pascha From 1801 Το 1843;
Statement of responsibility, etc. William Holt Yates.
250 ## - EDITION STATEMENT
Edition statement Vol. II
264 #1 - PRODUCTION, PUBLICATION, DISTRIBUTION, MANUFACTURE, AND COPYRIGHT NOTICE
Place of production, publication, distribution, manufacture London:
Name of producer, publisher, distributor, manufacturer Smitii, Elder And Co;
Date of production, publication, distribution, manufacture, or copyright notice 1843.
300 ## - PHYSICAL DESCRIPTION
Extent 536 pages :
Other physical details illustrations,
Dimensions 24 cm
336 ## - CONTENT TYPE
Source rda content
Content type term text
337 ## - MEDIA TYPE
Source rda media
Media type term Computer
338 ## - CARRIER TYPE
Source rda carrier
Carrier type term Online Resource
500 ## - GENERAL NOTE
General note Inturafensed<br/>With Illustrations Of Scripture Lecole<br/>The Pulfilment Of Prophecy, And The Progress Of Civilization In The East.
546 ## - LANGUAGE NOTE
Language note Text in English
650 1# - SUBJECT ADDED ENTRY--TOPICAL TERM
Topical term or geographic name entry element Constitutional law
Source of heading or term qrmak
651 1# - SUBJECT ADDED ENTRY--GEOGRAPHIC NAME
Source of heading or term qrmak
856 40 - ELECTRONIC LOCATION AND ACCESS
Uniform Resource Identifier <a href="https://fll.law.cu.edu.eg/fulltext/bks/B08-04923.pdf">https://fll.law.cu.edu.eg/fulltext/bks/B08-04923.pdf</a>
905 ## - Cataloger and Reviser Names
Cataloger Name: Esraa Khaled
942 ## - ADDED ENTRY ELEMENTS (KOHA)
Source of classification or shelving scheme Dewey Decimal Classification
Suppress in OPAC No
Koha item type Books
Edition 21
Holdings
Withdrawn status Lost status Source of classification or shelving scheme Damaged status Not for loan Collection Home library Current library Date acquired Total checkouts Full call number Barcode Date last seen Copy number Price effective from Koha item type
    Dewey Decimal Classification   Not for loan القانون الجنائي جــــامعة القــاهرة مكتبة كلية الحقوق - المبنى الرئيسي 02.05.2026   Law1 08 342 HO . M 2 ed - 1843 0804923 C1 B08-04923 02.05.2026 1 02.05.2026 Books

© All rights reserved — Faculty of Law, Cairo University